Redging Foreign Exchange Converting Risk to Profit

Salvato in:
Dettagli Bibliografici
Autore principale: Jones, Eric T.
Altri autori: Jones, Donald L.
Natura: Libro
Lingua:inglese
Pubblicazione: New York Wiley 1987
Edizione:1. ed.
Tags: Aggiungi Tag
Nessun Tag, puoi essere il primo ad aggiungerne!!

MARC

LEADER 00000nam a2200000 4500
001 c035094
005 20221219120503.0
041 0 |a eng 
044 |a US 
245 1 0 |a Redging Foreign Exchange  |b Converting Risk to Profit  |c Eric T. Jones, Donald L. Jones 
250 |a 1. ed. 
264 1 |a New York  |b Wiley  |c 1987 
300 |a 239 s. 
100 1 |a Jones, Eric T. 
700 1 |a Jones, Donald L.